Integrated optics : (Record no. 175621)
[ view plain ]
| 000 -LEADER | |
|---|---|
| fixed length control field | 00980 a2200205 4500 |
| 003 - CONTROL NUMBER IDENTIFIER | |
| control field | Nust |
| 005 - DATE AND TIME OF LATEST TRANSACTION | |
| control field | 20221117093121.0 |
| 010 ## - LIBRARY OF CONGRESS CONTROL NUMBER | |
| LC control number | 90037592 |
| 020 ## - INTERNATIONAL STANDARD BOOK NUMBER | |
| International Standard Book Number | 0879422688 |
| 040 ## - CATALOGING SOURCE | |
| Transcribing agency | Nust |
| 082 00 - DEWEY DECIMAL CLASSIFICATION NUMBER | |
| Classification number | 621.3693,INT |
| 245 00 - TITLE STATEMENT | |
| Title | Integrated optics : |
| Remainder of title | devices and applications / |
| Statement of responsibility, etc. | edited by Joseph T. Boyd. |
| 260 ## - PUBLICATION, DISTRIBUTION, ETC. | |
| Place of publication, distribution, etc. | New York : |
| Name of publisher, distributor, etc. | IEEE Press, |
| Date of publication, distribution, etc. | c1991. |
| 300 ## - PHYSICAL DESCRIPTION | |
| Extent | viii, 457 p. : |
| Other physical details | ill. ; |
| Dimensions | 29 cm. |
| 440 #0 - SERIES STATEMENT/ADDED ENTRY--TITLE | |
| Title | Progress in lasers and electro-optics |
| 9 (RLIN) | 102757 |
| 505 ## - FORMATTED CONTENTS NOTE | |
| Formatted contents note | Analysis of Integrated Optical Devices (Page-3), Electro-Optic Devices Utilizing Libbo3 (Page-87), Compound Semiconductor Integrated Optical Devices (Page-167), Optoelectronic Integrated Circuits (Page-241), Noncrystalline Optical Waveguide Technologies (Page-271), Input Coupling of Light to Optical Waveguides (Page-311), Optical Waveguide Structures (Page-325), Additional Applications (Page-367). |
| 650 #0 - SUBJECT ADDED ENTRY--TOPICAL TERM | |
| Topical term or geographic name entry element | Telecommunication Engineering. |
| 700 1# - ADDED ENTRY--PERSONAL NAME | |
| Personal name | Boyd, J. T. |
| 9 (RLIN) | 102758 |
| 942 ## - ADDED ENTRY ELEMENTS (KOHA) | |
| Koha item type | Book |
| Source of classification or shelving scheme | |
| Withdrawn status | Lost status | Source of classification or shelving scheme | Damaged status | Not for loan | Permanent Location | Current Location | Shelving location | Date acquired | Full call number | Barcode | Date last seen | Price effective from | Koha item type | Public note |
|---|---|---|---|---|---|---|---|---|---|---|---|---|---|---|
| Military College of Signals (MCS) | Military College of Signals (MCS) | General Stacks | 12/12/2016 | 621.3693,INT | MCS1937 | 12/08/2016 | 12/12/2016 | Book | Almirah No.30, Shelf No.4 |
